[Event "Wch U12"]
[Site "Maribor"]
[Date "2012.11.11"]
[Round "4.70"]
[White "Tsvetanov, David"]
[Black "Alboni, Denis Dean"]
[Result "1-0"]
[WhiteElo "1708"]
[BlackElo "1542"]
[PlyCount "89"]
[EventDate "2012.11.08"]
[EventType "swiss"]
[EventRounds "11"]
[EventCountry "SLO"]
[SourceTitle "EXT 2013"]
[Source "ChessBase"]
[SourceDate "2012.11.22"]
[SourceVersion "1"]
[SourceVersionDate "2012.11.22"]
[SourceQuality "1"]

1. d4 c5 2. d5 e6 3. c4 exd5 4. cxd5 d6 5. Nc3 g6 6. e4 Bg7 7. Bd3 Ne7 8. Nf3 0-0 9. 0-0 a6 10. a4 Bg4 11. h3 Bxf3 12. Qxf3 Nd7 13. Qe2 Rc8 14. f4 Nb6 15. a5 Nd7 16. g4 Re8 17. Qf3 c4 18. Be2 Rc5 19. Be3 Rxa5 20. Bxc4 Rxa1 21. Rxa1 Rf8 22. Rc1 f5 23. gxf5 gxf5 24. e5 Kh8 25. e6 Nb6 26. Bb3 Ng6 27. Kh2 Nc8 28. Qf2 Nh4 29. Rg1 Rg8 30. Rg5 Ng6 31. Rxf5 Nce7 32. Rg5 Qf8 33. Bc2 Bf6 34. Bd4 b5 35. Bxf6+ Qxf6 36. Bxg6 Nxg6 37. Qg3 Qxf4 38. Rxg6 Qd2+ 39. Qg2 Qf4+ 40. Rg3 h5 41. Ne2 Qe5 42. Kh1 Rxg3 43. Nxg3 a5 44. Qf3 a4 45. Qc3 1-0

[Event "Wch U12"]
[Site "Maribor"]
[Date "2012.11.08"]
[Round "1.15"]
[White "Marosi, Levente"]
[Black "Tsvetanov, David"]
[Result "1-0"]
[WhiteElo "2079"]
[BlackElo "1708"]
[PlyCount "105"]
[EventDate "2012.11.08"]
[EventType "swiss"]
[EventRounds "11"]
[EventCountry "SLO"]
[SourceTitle "EXT 2013"]
[Source "ChessBase"]
[SourceDate "2012.11.22"]
[SourceVersion "1"]
[SourceVersionDate "2012.11.22"]
[SourceQuality "1"]

1. e4 c6 2. d4 d5 3. Nc3 dxe4 4. Nxe4 Nf6 5. Nxf6+ exf6 6. Be3 Bd6 7. Nf3 0-0 8. h3 Re8 9. Qd2 Na6 10. c3 Nc7 11. Bc4 Be6 12. Bxe6 fxe6 13. 0-0 e5 14. dxe5 Bxe5 15. Qxd8 Rexd8 16. Nxe5 fxe5 17. Rad1 Nd5 18. Bg5 Re8 19. Rfe1 b5 20. Re4 h6 21. Bh4 Nf4 22. Bg3 g5 23. Rd6 c5 24. Rxh6 Rad8 25. Bxf4 gxf4 26. Rc6 Rd5 27. b4 Rd1+ 28. Kh2 cxb4 29. cxb4 Rd2 30. Ra6 Re7 31. Kg1 Rd1+ 32. Kh2 Rd2 33. Rg6+ Kh7 34. Rg5 Rxf2 35. Rexe5 Rxe5 36. Rxe5 Rxa2 37. Rf5 f3 38. Rxf3 Ra4 39. Rb3 Kg6 40. g4 Ra6 41. Kg3 Rc6 42. Ra3 Rc4 43. Rxa7 Rxb4 44. Kh4 Rd4 45. Ra6+ Kg7 46. Rb6 b4 47. Kh5 Rd3 48. h4 b3 49. g5 Rg3 50. Rb7+ Kf8 51. Kh6 Re3 52. g6 Rf3 53. g7+ 1-0

[Event "Balkaniad U16"]
[Site "Cetinje"]
[Date "2012.05.01"]
[Round "6.1"]
[White "Lazov, Toni"]
[Black "Tsvetanov, David"]
[Result "0-1"]
[WhiteElo "1798"]
[BlackElo "1684"]
[PlyCount "152"]
[EventDate "2012.04.29"]
[EventType "team-tourn"]
[EventRounds "7"]
[EventCountry "MNE"]
[SourceTitle "EXT 2014"]
[Source "ChessBase"]
[SourceDate "2013.11.20"]
[SourceVersion "1"]
[SourceVersionDate "2013.11.20"]
[SourceQuality "1"]

1. e4 c6 2. d4 d5 3. e5 Bf5 4. h4 h5 5. c4 e6 6. Nc3 Ne7 7. Bg5 dxc4 8. Bxc4 Nd7 9. Nge2 f6 10. exf6 gxf6 11. Be3 Nb6 12. Bb3 Qd7 13. a4 Nbd5 14. Nxd5 Nxd5 15. Bxd5 exd5 16. Ng3 Bb4+ 17. Bd2 Bxd2+ 18. Qxd2 0-0-0 19. 0-0 Bg6 20. Qf4 Rdf8 21. b4 Qg4 22. Qd6 Qd7 23. Qc5 f5 24. f4 b6 25. Qc3 Kb7 26. Rac1 Rc8 27. Nh1 Rhg8 28. Nf2 Be8 29. Nh3 Bg6 30. Ng5 Rge8 31. Nf3 Re6 32. Ne5 Qe8 33. g3 Bh7 34. Qb3 Qd8 35. Rc2 Rc7 36. Rfc1 Rg7 37. Kh2 Rc7 38. b5 c5 39. dxc5 bxc5 40. Rxc5 Rxc5 41. Rxc5 Bg8 42. Rxd5 Rxe5 43. Rxd8 Re2+ 44. Kg1 Bxb3 45. Rh8 Bf7 46. Rh7 Re7 47. Rh6 Re6 48. Rh7 Rf6 49. Kf2 Kb6 50. Ke3 Ka5 51. Kd4 Rd6+ 52. Ke5 Rd7 53. Kf6 Kxa4 54. Rh8 Kxb5 55. Kxf5 a5 56. g4 hxg4 57. Kxg4 a4 58. Ra8 Bd5 59. Re8 a3 60. Re1 a2 61. h5 Kb4 62. h6 Kb3 63. Kg5 Bc4 64. f5 Kb2 65. Kg6 Bd3 66. h7 Bxf5+ 67. Kxf5 Rxh7 68. Re2+ Ka3 69. Re3+ Ka4 70. Re4+ Kb5 71. Re5+ Kc4 72. Re4+ Kb5 73. Re5+ Kc6 74. Re6+ Kb7 75. Re1 Rh2 76. Re7+ Kb6 0-1